| 000 | 00731nam a2200181Ia 4500 | ||
|---|---|---|---|
| 008 | 100920s9999 xx 000 0 und d | ||
| 082 |
_b82108 _a539 न 02 |
||
| 100 | _aकुकडे सुमती. | ||
| 245 | _aस्वच्छ पाणी आरोग्याची गुरुकिल्ली. | ||
| 260 |
_bदिलीपराज प्रकाशन, पुणे.30. _c2002 |
||
| 300 |
_a42 _bसाधी |
||
| 365 | _b30 | ||
| 520 | _aशाआ. | ||
| 630 | _aस्वच्छ पाणी आरोग्याची गुरुकिल्ली. | ||
| 650 | _aशाआ. | ||
| 730 | _aस्वच्छ पाणी आरोग्याची गुरुकिल्ली. | ||
| 942 | _cBOOK | ||
| 999 |
_c722842 _d722839 |
||